| 000 | 00000nam##2200000za#4500 |
| 001 | 9.572421 |
| 003 | CaOODSP |
| 005 | 20210624183218 |
| 007 | cr ||||||||||| |
| 008 | 150406|2000||||xxc|||||o f|0| 0 eng|d |
| 022 | |a1701-5413 |
| 040 | |aCaOODSP|beng |
| 043 | |an-cn--- |
| 086 | 1 |aFA1-2000/2-13E-PDF |
| 110 | 1 |aCanada. |bOffice of the Auditor General. |
| 245 | 10|aReport of the Auditor General of Canada. Chapter 13, : |h[electronic resource]|bAssessment of financial management capabilities in departments |
| 260 | |bOffice of the Auditor General of Canada |
| 300 | |a31p.|bfigs., table |
| 490 | 1 |aReport of the Auditor General of Canada to the House of Commons|x1701-5413|vOctober 2000 |
| 590 | |a11-30-Supp|b2011-12-02 |
| 775 | 08|tRapport du vérificateur général du Canada. Chapitre 13, : |w(CaOODSP)9.602777 |
| 776 | 0#|tVolume 2, October 2000 |w(CaOODSP)9.615380 |
| 830 | #0|aReport of the Auditor General of Canada to the House of Commons,|x1701-5413|vOctober 2000|w(CaOODSP)9.506219 |
| 856 | 40|ahttp://publications.gc.ca|qPDF|s272 KB|uhttps://publications.gc.ca/collections/Collection/FA1-2000-2-13E.pdf|yOctober 2000 |